2006 FIFA World Cup Teams - Sudden Death - Statistics

General Stats
  • This quiz has been taken 518 times
  • The average score is 15 of 32
Answers on the Grid
Answers color-coded by a green-red scale on the quiz's grid according to % correct below.
Algeria
Angola
Antigua and Barbuda
Argentina
Australia
Austria
Bangladesh
Brazil
Cameroon
Canada
Cape Verde
China
Colombia
Costa Rica
Croatia
Czech Republic
Denmark
Ecuador
Egypt
England
Finland
France
Germany
Ghana
Greece
Haiti
Honduras
Hungary
Iceland
Iran
Italy
Ivory Coast
Japan
Kenya
Lebanon
Mauritius
Mexico
Morocco
Netherlands
New Zealand
Nigeria
North Korea
Norway
Paraguay
Peru
Philippines
Poland
Portugal
Qatar
Romania
Russia
San Marino
Saudi Arabia
Scotland
Serbia and Montenegro
Slovenia
South Africa
South Korea
Spain
Sweden
Switzerland
Togo
Trinidad and Tobago
Tunisia
Turkey
Uganda
Ukraine
United States
Uruguay
Venezuela
Vietnam
Zimbabwe
 
Answer Stats
Answer % Correct
Argentina
86%
Brazil
86%
Australia
68%
England
64%
Germany
62%
Angola
57%
France
57%
Italy
55%
Spain
52%
Portugal
49%
Mexico
47%
Croatia
46%
Czech Republic
46%
Netherlands
46%
Ghana
45%
Japan
45%
Costa Rica
44%
United States
44%
Serbia and Montenegro
43%
Switzerland
43%
Trinidad and Tobago
43%
Ukraine
43%
Ivory Coast
42%
Ecuador
41%
South Korea
41%
Sweden
40%
Togo
40%
Iran
38%
Poland
35%
Saudi Arabia
34%
Paraguay
33%
Tunisia
32%
No matching quizzes found
Score Distribution
Percent of People with Each Score
Percentile by Number Answered
Your Score History
You have not taken this quiz